Statistics for Spanish Translations of TV Shows #1

Click here to take the quiz!

General Stats

  • This quiz has been taken 353 times
  • The average score is 17 of 28

Answer Stats

Hint Answer % Correct
AmigosFriends
98%
Familia ModernaModern Family
98%
La OficinaThe Office
98%
Ídolo AmericanoAmerican Idol
97%
El Factor XThe X Factor
89%
América Tiene TalentoAmerica's Got Talent
87%
La Costa de JerseyJersey Shore
82%
El Mundo RealThe Real World
80%
¿Quién Quiere Ser Millonario?Who Wants to Be a Millionaire?
78%
Hermano MayorBig Brother
75%
La Teoría de la Gran ExplosiónThe Big Bang Theory
71%
La Vida Secreta de la Adolescente AmericanaThe Secret Life of the American Teenager
70%
La Próxima Modelo Superior de AméricaAmerica's Next Top Model
69%
Las Amas de Casa Reales de Nueva YorkThe Real Housewives of New York
68%
Bob Esponja Pantalones CuadradosSpongebob Squarepants
65%
Trato o No TratoDeal or No Deal
63%
Dile "Sí" al VestidoSay Yes to the Dress
58%
Mamá AdolescenteTeen Mom
57%
El MedioThe Middle
52%
Casado con HijosMarried With Children
48%
Mamás de la DanzaDance Moms
46%
Juan y Catalina Más OchoJon & Kate Plus 8
43%
Proyecto PasarelaProject Runway
36%
SobrevivienteSurvivor
30%
Disputa FamiliarFamily Feud
30%
El SolteroThe Bachelor
18%
La Carrera AsombrosaThe Amazing Race
13%
JúbiloGlee
7%

Score Distribution

Percentile by Number Answered

Percent of People with Each Score

Your Score History

You have not taken this quiz